01025naa#a2200169#i#4500001001600000005001700016011001400033100004100047102000700088200019500095210012800290215001000418608004500428675031400473700005200787856001600839RU\\bibl\11983220260427142307.1##a1819-4036##a20210226b2021####ek#y0rusy0150####ca##aRU1#aОБОСНОВАНИЕ ВЫВОДА НА РЫНОК ФУНКЦИОНАЛЬНОГО НАПИТКА «ПЕКТИН ПРИБАЙКАЛЬЯ – ЯБЛОКО»eЖурнальная статья1#aКрасноярскcКрасноярский государственный аграрный университетd2021##a7 с.##aЖурнальная статья2local##aМикробиологические производства. Бродильные производства. Производство напитков (алкогольных, слабоалкогольных и безалкогольных). Производство вкусовых продуктов. 663#1aНемчиноваgАлёна Игоревна4#asej.kgau.ru